| 000 | 00360pam a2200157a 44500 | ||
|---|---|---|---|
| 008 | 230515b1984 xxu||||| |||| 00| 0 eng d | ||
| 020 | _aNULL | ||
| 041 | _aENGL | ||
| 082 | _a621.8 /JUN | ||
| 100 | _aJUNEJA B.L. | ||
| 245 | _aMACHINING PROCESSES THEORY & PRACTICE | ||
| 250 | _aN.D. | ||
| 260 |
_aNULL _bC.B.S _c1984 |
||
| 300 | _a472 HB | ||
| 650 | _aNULL | ||
| 999 |
_c620234 _d620234 |
||